Algebraic equations of arbitrary degrees

Αποθηκεύτηκε σε:
Λεπτομέρειες βιβλιογραφικής εγγραφής
Κύριος συγγραφέας: Kurosh, A. G. (Aleksandr Gennadievich)
Άλλοι συγγραφείς: Kisin, V. I. (Μεταφραστής)
Μορφή: Βιβλίο
Γλώσσα:English
Russian
Δημοσίευση: Moscow : Mir Publishers, 1977.
Σειρά:Little mathematics library
Θέματα:
Ετικέτες: Προσθήκη ετικέτας
Δεν υπάρχουν, Καταχωρήστε ετικέτα πρώτοι!

MARC

LEADER 00000cam a2200000 i 4500
001 1/4542
008 100217s1977 ru ||| | eng||
035 |l 10106817 
040 |a GR-MyUA  |b gre  |e AACR2 
041 1 |a eng  |h rus 
082 0 |a 512.94   |2 (22) 
100 1 |a Kurosh, A. G.   |q (Aleksandr Gennadievich) 
245 1 0 |a Algebraic equations of arbitrary degrees /   |c A. G. Kurosh ; translated from the Russian by V. Kisin.  
260 |a Moscow :   |b Mir Publishers,   |c 1977.  
300 |a 35 σ. :   |b σχ. ;   |c 20 εκ.  
490 1 |a (Little mathematics library) 
500 |a Revised from the 1975 Russian edition 
504 |a Βιβλιογραφία: σ. [35].  
650 0 0 |a Equations, Theory of. 
700 1 |a Kisin, V. I.  |e trl 
830 0 |a Little mathematics library 
852 |a INST  |b SAMOS  |c MAG  |e 20100217  |h 512.94 KUR  |p 005300030615  |q 005300030615  |t BK  |y 0 
901 |a BIBL3-2010-1 
909 |a Σ  |b 161827 
970 |a ΣΙΤΖΙΜΗ  |b ΓΙΑΣΕΜΗ  |z 2010/02/17